De los signos y síntomas al diagnóstico / (Record no. 129892)

MARC details
000 -LEADER
campo de control de longitud fija 00727nam a2200217 i 4500
001 - NÚMERO DE CONTROL
campo de control 129892
003 - IDENTIFICADOR DE NÚMERO DE CONTROL
campo de control ES-MaACL
005 - FECHA Y HORA DE LA ÚLTIMA TRANSACCIÓN
campo de control 20230906193612.0
007 - CAMPO FIJO DE DESCRIPCIÓN FÍSICA--INFORMACIÓN GENERAL
campo de control de longitud fija t|
008 - DATOS DE LONGITUD FIJA--INFORMACIÓN GENERAL
campo de control de longitud fija 070710s1967 sp ||||1| spa d
080 ## - NÚMERO DE LA CLASIFICACIÓN DECIMAL UNIVERSAL
Número de la Clasificación Decimal Universal 616-07(02)
100 1# - ENTRADA PRINCIPAL--NOMBRE DE PERSONA
Nombre de persona Hadorn, Walter.
9 (RLIN) 61413
245 10 - MENCIÓN DEL TÍTULO
Título De los signos y síntomas al diagnóstico /
Mención de responsabilidad, etc. Obra dirigida por Prof. Dr. W. Hadorn [y otros] Redacción, Prof. Dr. W. Hadorn. Versión... de la doctora H. Bozzi de Pelèz.
250 ## - MENCION DE EDICION
Mención de edición 1ª ed.
260 ## - PUBLICACIÓN, DISTRIBUCIÓN, ETC.
Lugar de publicación, distribución, etc. Barcelona :
Nombre del editor, distribuidor, etc. Toray,
Fecha de publicación, distribución, etc. 1967.
300 ## - DESCRIPCIÓN FÍSICA
Extensión XVII, 559 p. :
Otras características físicas il. ;
Dimensiones 25 c.
650 14 - PUNTO DE ACCESO ADICIONAL DE MATERIA--TÉRMINO DE MATERIA
Término de materia o nombre geográfico como elemento de entrada Diagnóstico.
9 (RLIN) 11851
700 1# - ENTRADA AGREGADA--NOMBRE PERSONAL
Nombre de persona Löffler, W.
9 (RLIN) 73118
700 1# - ENTRADA AGREGADA--NOMBRE PERSONAL
Nombre de persona Bozzi de Pélaez, H.
9 (RLIN) 126139
852 ## - LOCALIZACIÓN
Ubicación ES-MaACL
Número de control de estantería C-31519
Sublocalización o colección R.62061
Holdings
Estatus retirado Estado de pérdida Estado de daño No para préstamo Biblioteca de origen Biblioteca actual Ubicación en estantería Fecha de adquisición Fuente de adquisición Total de préstamos Signatura topográfica completa Código de barras Visto por última vez Precio de reemplazo Tipo de ítem Koha
        Biblioteca del Ateneo de Madrid Biblioteca del Ateneo de Madrid Depósito 2 17/01/2008     C-31519 1135253 23/02/2023 23/02/2023 Libro impreso